STATISTICAL REASONING IN THE BEHAVIORAL SCIENCE (Record no. 18134)

MARC details
000 -LEADER
fixed length control field 00329nam a22001457a 4500
003 - CONTROL NUMBER IDENTIFIER
control field SGT
020 ## - INTERNATIONAL STANDARD BOOK NUMBER
International Standard Book Number 978-81265-3114-1
082 ## - DEWEY DECIMAL CLASSIFICATION NUMBER
Classification number 616.89
Item number S14K
100 ## - MAIN ENTRY--PERSONAL NAME
Personal name KING, BRUCE M.
245 ## - TITLE STATEMENT
Title STATISTICAL REASONING IN THE BEHAVIORAL SCIENCE
250 ## - EDITION STATEMENT
Edition statement 5TH
260 ## - PUBLICATION, DISTRIBUTION, ETC. (IMPRINT)
Place of publication, distribution, etc INDIA
Name of publisher, distributor, etc WILEY
Year of Publication 2014
300 ## - PAGE DESCRIPTION
No. of Pages 487
942 ## - ADDED ENTRY ELEMENTS (KOHA)
Source of classification or shelving scheme Dewey Decimal Classification
Koha item type Books
Holdings
Withdrawn status Lost status Source of classification or shelving scheme Damaged status Not for loan Collection code Home library Current library Shelving location Date acquired Vendor Name Cost, normal purchase price SGTU Bill Number Total Checkouts Full call number Accession No. (Barcode) Date last seen Bill Date Koha item type
    Dewey Decimal Classification   Not For Loan MEDICAL SGT Medical Library SGT Medical Library Reference Book 31/05/2019 ABC DELHI 679.00 SGTU 10951   616.89 S14K FM11359 31/05/2019 12/04/2019 Books